[Event "C.to Provinciale Torino"]
[Site "Torino ITA"]
[Date "2015.02.19"]
[Round "4"]
[White "Fassio, Francesco"]
[Black "Peruffo, Giovanni"]
[WhiteElo "1690"]
[BlackElo "1520"]
[Result "1-0"]
[PlyCount "183"]
[EventDate "2015.01.29"]

1. Nf3 Nf6 2. c4 c5 3. Nc3 Nc6 4. g3 e5 5. Bg2 d6 6. d3 Be7 7. O-O O-O 8. Ng5
h6 9. Nge4 Be6 10. Nxf6+ Bxf6 11. Nd5 Be7 12. b3 Qd7 13. Bb2 Bg5 14. f4 exf4
15. Nxf4 Bg4 16. Qd2 Rfe8 17. e3 a5 18. h4 Bd8 19. Rf2 Bc7 20. Nd5 Rab8 21.
Raf1 Be6 22. d4 Rf8 23. Nxc7 Qxc7 24. d5 Bd7 25. dxc6 bxc6 26. Qc3 f6 27. e4
Rf7 28. Rf4 Rbf8 29. Kh2 Be6 30. Bh3 Bxh3 31. Kxh3 Qa7 32. Qf3 a4 33. Qd3 axb3
34. axb3 Qd7+ 35. Kg2 Qe6 36. Bc1 Rd8 37. Qf3 Rdf8 38. Qg4 Qe5 39. Rf5 Qc3 40.
R5f3 Qe5 41. Bxh6 d5 42. Rf5 Qxe4+ 43. Qxe4 dxe4 44. Be3 Rd8 45. Rxc5 Rd3 46.
Re1 Rc7 47. Bf4 Rc8 48. Rxe4 Rxb3 49. Re6 Rb6 50. Kh3 Kf7 51. Re1 g6 52. Ra5
Rb7 53. c5 f5 54. Ra2 Rb5 55. Bd6 Rb7 56. Rae2 Rd7 57. g4 fxg4+ 58. Kxg4 Ra8
59. Kg5 Rh8 60. Re6 Rh5+ 61. Kg4 Rf5 62. h5 Rxh5 63. R6e5 Rh7 64. Rf1+ Kg7 65.
Re8 Rf7 66. Rxf7+ Kxf7 67. Rc8 Rh1 68. Rxc6 Rg1+ 69. Kf3 g5 70. Rc8 Ke6 71. Bb8
Rc1 72. c6 Ke7 73. c7 Kd7 74. Rd8+ Ke7 75. c8=Q Rxc8 76. Rxc8 Ke6 77. Rf8 Ke7
78. Rf5 Ke6 79. Rxg5 Kd7 80. Ke4 Ke6 81. Rg6+ Kf7 82. Kf5 Ke7 83. Rg7+ Ke8 84.
Kf6 Kf8 85. Ra7 Ke8 86. Bd6 Kd8 87. Bc5 Ke8 88. Ke6 Kd8 89. Bb6+ Kc8 90. Kd6
Kb8 91. Kc6 Kc8 92. Ra8# 1-0

[Event "C.to Provinciale Torino"]
[Site "Torino ITA"]
[Date "2015.02.19"]
[Round "4"]
[White "Leoni, Alessandro"]
[Black "Castelli, Giovanni J."]
[WhiteElo "1908"]
[BlackElo "1950"]
[Result "1/2-1/2"]
[PlyCount "67"]
[EventDate "2015.01.29"]

1. e4 e5 2. Nf3 Nc6 3. Bb5 Nge7 4. c3 d5 5. Nxe5 dxe4 6. d4 exd3 7. Qxd3 Qxd3
8. Nxd3 Bf5 9. Ne5 f6 10. Nxc6 Nxc6 11. O-O O-O-O 12. Be3 Bd3 13. Bxd3 Rxd3 14.
Nd2 Bc5 15. Nc4 Bxe3 16. Nxe3 Ne5 17. Rad1 Rhd8 18. Rxd3 Rxd3 19. Rd1 Rxd1+ 20.
Nxd1 Kd7 21. Kf1 Ke6 22. Ke2 g5 23. f3 f5 24. g3 c5 25. b3 b5 26. f4 gxf4 27.
gxf4 Ng4 28. h3 Nf6 29. c4 b4 30. Ne3 Ne4 31. Nd5 Kd6 32. Ke3 Kd7 33. Ke2 Kd6
34. Ke3 1/2-1/2

[Event "C.to Provinciale Torino"]
[Site "Torino ITA"]
[Date "2015.02.19"]
[Round "4"]
[White "Liviabella, Lucio"]
[Black "Baruffa, Marino"]
[WhiteElo "1609"]
[BlackElo "1889"]
[Result "0-1"]
[PlyCount "58"]
[EventDate "2015.01.29"]

1. e4 e5 2. Bc4 Nf6 3. Qe2 Nc6 4. Nf3 Be7 5. a3 O-O 6. O-O d6 7. c3 Bg4 8. h3
Be6 9. Bxe6 fxe6 10. d3 h6 11. Be3 Nh7 12. Qd2 Qe8 13. b4 a6 14. c4 Qg6 15. b5
axb5 16. cxb5 Na5 17. Qd1 Nb3 18. Ra2 Nd4 19. Bxd4 exd4 20. Nxd4 Ng5 21. Qg4 h5
22. Qg3 Qf6 23. Ne2 e5 24. Nbc3 c6 25. f4 exf4 26. Rxf4 Qg6 27. h4 Rxf4 28.
Nxf4 Qf6 29. Qxg5 Qd4+ 0-1

[Event "C.to Provinciale Torino"]
[Site "Torino ITA"]
[Date "2015.02.19"]
[Round "4"]
[White "Manni, Stefano"]
[Black "Longo, Enrico"]
[WhiteElo "2043"]
[BlackElo "1777"]
[Result "1-0"]
[PlyCount "41"]
[EventDate "2015.01.29"]

1. e4 d5 2. exd5 Qxd5 3. Nf3 Bg4 4. Be2 Nf6 5. O-O Nc6 6. d4 e6 7. c4 Qd7 8.
Be3 Be7 9. Nc3 O-O 10. Ne5 Bxe2 11. Qxe2 Qc8 12. Nxc6 bxc6 13. Bg5 h6 14. Bh4
Qd7 15. Rad1 Rfe8 16. Rfe1 Rab8 17. b3 Bb4 18. Bxf6 Bxc3 19. Qg4 g6 20. Qh3 Kh7
21. Qxc3 1-0

[Event "C.to Provinciale Torino"]
[Site "Torino ITA"]
[Date "2015.02.19"]
[Round "4"]
[White "Parisi, Gianmario"]
[Black "De Renzi, Giuseppe"]
[WhiteElo "1843"]
[BlackElo "1571"]
[Result "1-0"]
[PlyCount "99"]
[EventDate "2015.01.29"]

1. e4 d6 2. d4 Nf6 3. Nc3 g6 4. Nf3 Bg7 5. Be2 O-O 6. O-O a6 7. a4 Nc6 8. h3 b6
9. Be3 Bb7 10. Qd2 Re8 11. Rfe1 e5 12. d5 Ne7 13. Nh2 c6 14. Ng4 cxd5 15. Nxf6+
Bxf6 16. exd5 Nf5 17. Ne4 Bg7 18. c4 Nxe3 19. Qxe3 f5 20. Nc3 e4 21. Rac1 Qc7
22. b4 Bc8 23. Bf1 Bd7 24. b5 a5 25. Ne2 Rab8 26. Nd4 Bxd4 27. Qxd4 Re5 28. Re3
Be8 29. Rce1 Bf7 30. f3 exf3 31. Rxe5 dxe5 32. Rxe5 fxg2 33. Kxg2 Qd6 34. Qf4
Kg7 35. Rxf5 Qxf4 36. Rxf4 Rd8 37. Bd3 Rd6 38. Kf3 Kf8 39. h4 Ke7 40. Kg4 h6
41. Kg3 h5 42. Kf3 Be8 43. Ke3 Bd7 44. Kd4 Bg4 45. c5 bxc5+ 46. Kxc5 Bd1 47.
Re4+ Kd7 48. b6 Bf3 49. Bb5+ Kd8 50. Re8# 1-0

[Event "C.to Provinciale Torino"]
[Site "Torino ITA"]
[Date "2015.02.19"]
[Round "4"]
[White "Plenzick, Angelo"]
[Black "Gussone, Claudio"]
[WhiteElo "1725"]
[BlackElo "1753"]
[Result "0-1"]
[PlyCount "90"]
[EventDate "2015.01.29"]

1. f4 d5 2. Nf3 Nf6 3. e3 c5 4. b3 Bf5 5. Bb5+ Bd7 6. Qe2 a6 7. Bxd7+ Nbxd7 8.
Bb2 e6 9. O-O Be7 10. d3 b5 11. Nbd2 O-O 12. a4 b4 13. Kh1 Qa5 14. Rae1 Bd6 15.
Ng5 h6 16. Nh3 Qc7 17. g3 Rfe8 18. Rf2 e5 19. fxe5 Bxe5 20. Bxe5 Qxe5 21. Qf3
Re7 22. Nc4 Qe6 23. Nf4 Qf5 24. Nd6 Qe5 25. Nc4 Qg5 26. Rff1 Rae8 27. Nd2 Ne5
28. Qg2 Neg4 29. Nf3 Qf5 30. Nh4 Qd7 31. Qg1 g5 32. Nfg2 gxh4 33. gxh4 Qd6 34.
h3 Ne5 35. d4 cxd4 36. exd4 Ng6 37. Rxe7 Qxe7 38. Re1 Ne4 39. h5 Nf8 40. Nf4+
Kh7 41. Qe3 Qh4 42. Rg1 Ne6 43. Rg4 Nf2+ 44. Kg1 Nxg4 45. Qd3+ Kg8 0-1

[Event "C.to Provinciale Torino"]
[Site "Torino ITA"]
[Date "2015.02.19"]
[Round "4"]
[White "Ragni, Paolo"]
[Black "Malano, Francesco"]
[WhiteElo "2134"]
[BlackElo "1901"]
[Result "1-0"]
[PlyCount "39"]
[EventDate "2015.01.29"]

1. d4 d5 2. c4 dxc4 3. Nf3 Nf6 4. e3 e6 5. Bxc4 c5 6. O-O a6 7. a4 Nc6 8. Nc3
cxd4 9. exd4 Be7 10. Bg5 O-O 11. Re1 h6 12. Bh4 Qa5 13. Ne5 Nb4 14. Qb3 g5 15.
Bg3 Qb6 16. Ng6 Re8 17. Nxe7+ Rxe7 18. a5 Qxd4 19. Qxb4 Re8 20. Be5 1-0

[Event "C.to Provinciale Torino"]
[Site "Torino ITA"]
[Date "2015.02.19"]
[Round "4"]
[White "Teofilatto, Stefano"]
[Black "D'india, Bruno"]
[WhiteElo "1669"]
[BlackElo "1652"]
[Result "0-1"]
[PlyCount "116"]
[EventDate "2015.01.29"]

1. d4 d5 2. Nf3 Nf6 3. Bf4 e6 4. e3 c5 5. c3 c4 6. Ne5 b5 7. Nd2 Bd6 8. b4 Qc7
9. Ndf3 Nc6 10. a4 a6 11. axb5 Nxb4 12. Qa4 O-O 13. cxb4 Bb7 14. b6 Qxb6 15.
Rb1 a5 16. b5 Bb4+ 17. Ke2 Ne4 18. Rc1 Rfc8 19. Nd7 Qd8 20. Nde5 f6 21. Nc6
Bxc6 22. bxc6 Qb6 23. g4 g5 24. Bg3 Nc3+ 25. Rxc3 Bxc3 26. Qc2 Qb2 27. Ne1 Rxc6
28. Bg2 a4 29. Qxb2 Bxb2 30. Nc2 a3 31. h4 a2 32. hxg5 a1=Q 33. Nxa1 Rxa1 34.
gxf6 Rxh1 35. Bxh1 c3 36. e4 c2 37. Bf4 c1=Q 38. Bxc1 Rxc1 39. Bf3 dxe4 40.
Bxe4 Bxd4 41. f3 Bxf6 42. Kd2 Bg5+ 43. Kd3 e5 44. Bf5 Ra1 45. Kc4 Kg7 46. Kd5
Kf6 47. Bxh7 Bf4 48. Be4 Rd1+ 49. Kc4 Kg5 50. Kc3 Kh4 51. Kc2 Rd2+ 52. Kc3 Kg3
53. Kc4 Rd4+ 54. Kc3 Rxe4 55. fxe4 Kxg4 56. Kd3 Kf3 57. Kc2 Kxe4 58. Kd1 Kf3
0-1

[Event "C.to Provinciale Torino"]
[Site "Torino ITA"]
[Date "2015.02.26"]
[Round "5"]
[White "Baruffa, Marino"]
[Black "Plenzick, Angelo"]
[WhiteElo "1889"]
[BlackElo "1725"]
[Result "0-1"]
[PlyCount "114"]
[EventDate "2015.01.29"]

1. e4 c6 2. d4 d5 3. Nc3 dxe4 4. Nxe4 Nf6 5. Nxf6+ exf6 6. Nf3 Bd6 7. Bc4 Be6
8. Qd3 Bxc4 9. Qxc4 Qe7+ 10. Be3 O-O 11. O-O Qe6 12. Qd3 Na6 13. c3 Rad8 14.
Qc2 Bb8 15. Rfe1 Qc8 16. Re2 Rfe8 17. Rae1 Nc7 18. c4 Ne6 19. g3 Rd7 20. Bd2
Rde7 21. Bc3 Qd7 22. Qd2 Nf8 23. Rxe7 Rxe7 24. Rxe7 Qxe7 25. Qe1 Qe6 26. b3 Bd6
27. Qe3 Ng6 28. Nd2 f5 29. c5 Bc7 30. Nc4 Ne7 31. Qf3 Nd5 32. Bd2 Qe4 33. Qxe4
fxe4 34. Kf1 Kf8 35. Ke2 Ke7 36. Ne3 Nxe3 37. Kxe3 f5 38. f3 exf3 39. Kxf3 Ke6
40. h3 Kd5 41. Be3 Bd8 42. g4 fxg4+ 43. hxg4 Bf6 44. Kf4 Bxd4 45. Bxd4 Kxd4 46.
Kf5 Kxc5 47. Ke6 g6 48. Kf6 h5 49. g5 h4 50. Kxg6 h3 51. Kf7 h2 52. g6 h1=Q 53.
g7 Qh7 54. Kf6 Qxg7+ 55. Kxg7 Kb4 56. Kf6 Ka3 57. Ke6 Kxa2 0-1

[Event "C.to Provinciale Torino"]
[Site "Torino ITA"]
[Date "2015.02.26"]
[Round "5"]
[White "Faraoni, Enrico"]
[Black "Manni, Stefano"]
[WhiteElo "2093"]
[BlackElo "2043"]
[Result "1/2-1/2"]
[PlyCount "35"]
[EventDate "2015.01.29"]

1. f4 d5 2. Nf3 Bg4 3. e3 Nd7 4. h3 Bxf3 5. Qxf3 e5 6. Be2 Ngf6 7. O-O exf4 8.
exf4 Bc5+ 9. Kh1 O-O 10. c3 Re8 11. d4 Bf8 12. Bd3 Ne4 13. Bxe4 dxe4 14. Qf2 f5
15. Be3 Nf6 16. Nd2 Nd5 17. Nc4 Bd6 18. g4 1/2-1/2

[Event "C.to Provinciale Torino"]
[Site "Torino ITA"]
[Date "2015.02.26"]
[Round "5"]
[White "Fassio, Francesco"]
[Black "Liviabella, Lucio"]
[WhiteElo "1690"]
[BlackElo "1609"]
[Result "1-0"]
[PlyCount "87"]
[EventDate "2015.01.29"]

1. Nf3 c5 2. c4 Nc6 3. Nc3 g6 4. g3 Nf6 5. Bg2 Bg7 6. O-O O-O 7. d3 d6 8. Bd2
Bg4 9. h3 Bd7 10. Kh2 Qc8 11. Rb1 Nh5 12. a3 Re8 13. b4 cxb4 14. axb4 a6 15. b5
axb5 16. cxb5 Nd8 17. Nd5 Qc5 18. Qb3 Be6 19. Ng5 Ra3 20. Qc4 Qxc4 21. dxc4 Ra2
22. Nxe6 fxe6 23. Nc7 Rf8 24. Rbd1 Bd4 25. Bh6 Rxf2 26. Rxd4 Raxe2 27. Rxf2
Rxf2 28. g4 e5 29. Rd2 Rxd2 30. Bxd2 Nf6 31. Be3 Kg7 32. g5 Nh5 33. c5 Kf7 34.
Bd5+ e6 35. Nxe6 Nxe6 36. c6 bxc6 37. b6 cxd5 38. b7 d4 39. Bc1 Nhf4 40. b8=Q
Ng7 41. Qc7+ Kg8 42. Qxd6 Nd3 43. Ba3 Ne6 44. Qxe6+ 1-0

[Event "C.to Provinciale Torino"]
[Site "Torino ITA"]
[Date "2015.02.26"]
[Round "5"]
[White "Gussone, Claudio"]
[Black "Parisi, Gianmario"]
[WhiteElo "1753"]
[BlackElo "1843"]
[Result "1-0"]
[PlyCount "127"]
[EventDate "2015.01.29"]

1. d4 e6 2. e4 d5 3. e5 c5 4. c3 Nc6 5. Be3 Nge7 6. Nf3 Nf5 7. Be2 cxd4 8. cxd4
Bb4+ 9. Nc3 O-O 10. O-O Bd7 11. Qd3 Rc8 12. Rac1 Be7 13. Qb1 Nh4 14. Nxh4 Bxh4
15. Bd3 g6 16. a3 f5 17. exf6 Bxf6 18. Ne2 Qe7 19. b4 Qg7 20. Qb2 Ne7 21. Qd2
Qf7 22. Nc3 e5 23. dxe5 Bxe5 24. Bh6 Bf4 25. Bxf4 Qxf4 26. Qxf4 Rxf4 27. Ne2
Rff8 28. Nd4 Nc6 29. Nb3 Ne5 30. Be2 b6 31. Ba6 Rc6 32. Nd4 Rxc1 33. Rxc1 Ba4
34. f3 Rf4 35. Ne6 Rf6 36. Rc8+ Kf7 37. Ng5+ Kg7 38. f4 Ng4 39. Rc7+ Kg8 40. g3
h6 41. Nf3 Rc6 42. Rxc6 Bxc6 43. Bd3 Kg7 44. h3 Nf6 45. Ne5 Be8 46. Kf2 Bf7 47.
Ke3 g5 48. fxg5 hxg5 49. Nxf7 Kxf7 50. Kd4 Ke6 51. h4 gxh4 52. gxh4 Nh5 53. Be2
Nf6 54. h5 Kd6 55. h6 a5 56. Bf3 axb4 57. axb4 Ke6 58. Bxd5+ Nxd5 59. h7 Nxb4
60. h8=Q Nc6+ 61. Kc3 Kd6 62. Qh6+ Kc5 63. Qg5+ Kd6 64. Kc4 1-0

[Event "C.to Provinciale Torino"]
[Site "Torino ITA"]
[Date "2015.02.26"]
[Round "5"]
[White "Leoni, Alessandro"]
[Black "Di Chiara, Mauro"]
[WhiteElo "1908"]
[BlackElo "1976"]
[Result "1/2-1/2"]
[PlyCount "111"]
[EventDate "2015.01.29"]

1. e4 g6 2. d4 Bg7 3. Nc3 d6 4. f4 Nf6 5. e5 Nfd7 6. Nf3 O-O 7. Bd3 c5 8. e6
fxe6 9. Ng5 Nf6 10. Qe2 cxd4 11. Nxe6 Qa5 12. Nxf8 Kxf8 13. Bd2 dxc3 14. Bxc3
Qc5 15. h3 Nc6 16. O-O-O Bf5 17. Rhe1 Bxd3 18. Rxd3 e5 19. fxe5 Nxe5 20. Rd4
Kg8 21. Red1 Re8 22. Bb4 Qc8 23. Bxd6 Nf7 24. Qf3 Nxd6 25. Rxd6 Rf8 26. Qb3+
Kh8 27. a3 Ne4 28. R6d5 b6 29. Qa4 Qe6 30. Rd8 h5 31. Rxf8+ Bxf8 32. Rd8 Qf6
33. Rxf8+ Qxf8 34. Qxe4 Qf1+ 35. Kd2 Kh7 36. Qe7+ Kh6 37. Qe2 Qf6 38. c3 Qd6+
39. Qd3 Qc5 40. Qf3 Qd6+ 41. Kc2 a5 42. g3 Qe6 43. g4 hxg4 44. hxg4 Kg5 45. Qg3
Qe4+ 46. Kb3 a4+ 47. Ka2 Qc4+ 48. Kb1 b5 49. Ka1 Qxg4 50. Qe5+ Qf5 51. Qg3+ Kf6
52. Qd6+ Kg7 53. Qd4+ Kh7 54. Qh4+ Qh5 55. Qe7+ Kh6 56. Qf8+ 1/2-1/2

[Event "C.to Provinciale Torino"]
[Site "Torino ITA"]
[Date "2015.02.26"]
[Round "5"]
[White "Longo, Enrico"]
[Black "D'india, Bruno"]
[WhiteElo "1777"]
[BlackElo "1652"]
[Result "0-1"]
[PlyCount "80"]
[EventDate "2015.01.29"]

1. c4 e5 2. g3 Nf6 3. Nc3 Nc6 4. Bg2 b6 5. d3 Bb7 6. Nf3 d6 7. a3 a5 8. Bd2 Be7
9. O-O O-O 10. e4 Re8 11. Nb5 Bf8 12. Bc3 Nb8 13. a4 c6 14. Na3 Nbd7 15. Re1
Nc5 16. Rb1 Nfd7 17. Qc2 Na6 18. Qd2 c5 19. Nb5 Nc7 20. Na3 Ne6 21. b3 Qf6 22.
Nb5 Rac8 23. Nh4 Nf4 24. Nf5 Nxg2 25. Kxg2 Qxf5 26. h4 Re6 27. Qe2 Be7 28. Bd2
Rg6 29. f3 Qh5 30. g4 f5 31. Bg5 fxg4 32. fxg4 Rxg5 33. hxg5 Qxg5 34. Rh1 Rf8
35. Rh5 Qg6 36. Rbh1 Nf6 37. R5h4 Nxe4 38. dxe4 Bxe4+ 39. Kg1 Bxh1 40. Rxh1 Rf4
0-1

[Event "C.to Provinciale Torino"]
[Site "Torino ITA"]
[Date "2015.02.26"]
[Round "5"]
[White "Malano, Francesco"]
[Black "De Renzi, Giuseppe"]
[WhiteElo "1901"]
[BlackElo "1571"]
[Result "1-0"]
[PlyCount "55"]
[EventDate "2015.01.29"]

1. b3 e5 2. Bb2 Nc6 3. e3 Nf6 4. c4 d6 5. Be2 Bf5 6. Nc3 Be7 7. d3 O-O 8. Bf3
Qd7 9. Nge2 Bg4 10. Bxg4 Qxg4 11. O-O a6 12. h3 Qd7 13. g4 h6 14. Ng3 Ne8 15.
Nd5 Nf6 16. Nf5 Nxd5 17. cxd5 Nd8 18. e4 Bf6 19. f4 c6 20. fxe5 Bxe5 21. d4 Bf6
22. Nxh6+ Kh8 23. dxc6 Nxc6 24. Qd2 Qe7 25. Nf5 Qxe4 26. g5 Ne7 27. Rae1 Bxg5
28. Qxg5 1-0

[Event "C.to Provinciale Torino"]
[Site "Torino ITA"]
[Date "2015.02.26"]
[Round "5"]
[White "Peruffo, Giovanni"]
[Black "Teofilatto, Stefano"]
[WhiteElo "1520"]
[BlackElo "1669"]
[Result "1-0"]
[PlyCount "79"]
[EventDate "2015.01.29"]

1. d4 d6 2. Nf3 g6 3. e3 Bg7 4. c4 Nf6 5. Bd3 O-O 6. O-O Nc6 7. Nc3 Bg4 8. h3
Bxf3 9. Qxf3 e5 10. d5 Nb4 11. Bb1 Nd7 12. a3 Na6 13. Bd2 Nac5 14. Bc2 f5 15.
b4 e4 16. Qe2 Na6 17. Rab1 Ne5 18. Nb5 Qg5 19. Kh1 Nd7 20. Qe1 Nb6 21. Bb3 Rfd8
22. Bc3 c6 23. Nd4 Nc7 24. dxc6 Bxd4 25. Bxd4 bxc6 26. Qc3 Kf8 27. Bf6 Qh6 28.
Bxd8 Rxd8 29. Qf6+ Ke8 30. Rfd1 Qf8 31. Qc3 Ne6 32. c5 Nd5 33. Bxd5 cxd5 34.
Rxd5 dxc5 35. Rxd8+ Kxd8 36. bxc5 Qxc5 37. Qf6+ Qe7 38. Rb8+ Kd7 39. Rb7+ Nc7
40. Rxc7+ 1-0

[Event "C.to Provinciale Torino"]
[Site "Torino ITA"]
[Date "2015.03.05"]
[Round "6"]
[White "Castelli, Giovanni J."]
[Black "Faraoni, Enrico"]
[WhiteElo "1950"]
[BlackElo "2093"]
[Result "1-0"]
[PlyCount "59"]
[EventDate "2015.01.29"]

1. e4 c5 2. Nf3 Nc6 3. d4 cxd4 4. Nxd4 e5 5. Nb5 d6 6. N1c3 a6 7. Na3 b5 8. Nd5
Nce7 9. c4 Nxd5 10. exd5 Nf6 11. cxb5 Be7 12. bxa6 O-O 13. Bc4 Rxa6 14. O-O h6
15. Qe2 Ra5 16. Nb5 Bb7 17. b4 Rxb5 18. Bxb5 Nxd5 19. Bd2 Qa8 20. a4 Nc7 21. f3
Ne6 22. Bd3 Nd4 23. Qd1 d5 24. a5 e4 25. fxe4 dxe4 26. Bc4 Nc6 27. Qh5 Qa7+ 28.
Kh1 e3 29. Bxf7+ Kh8 30. Bc4 1-0

[Event "C.to Provinciale Torino"]
[Site "Torino ITA"]
[Date "2015.03.05"]
[Round "6"]
[White "D'india, Bruno"]
[Black "Malano, Francesco"]
[WhiteElo "1652"]
[BlackElo "1901"]
[Result "0-1"]
[PlyCount "74"]
[EventDate "2015.01.29"]

1. e4 c5 2. c3 g6 3. Nf3 Bg7 4. d4 cxd4 5. cxd4 d5 6. exd5 Nf6 7. Bc4 O-O 8.
Nc3 Nbd7 9. O-O Nb6 10. Bb3 Nbxd5 11. Ne5 b6 12. Be3 Bb7 13. Rc1 Rc8 14. Qd2 e6
15. Bg5 a6 16. Qe2 Qd6 17. Rfd1 h6 18. Bh4 Nf4 19. Qd2 g5 20. f3 N6h5 21. Bf2
b5 22. Re1 Rfd8 23. Rc2 Nf6 24. Ne4 Nxe4 25. fxe4 Bxe5 26. d5 Rxc2 27. Qxc2 Rc8
28. Qd1 exd5 29. g3 Nh3+ 30. Kg2 Nxf2 31. Kxf2 dxe4 32. Qh5 Qf6+ 33. Ke2 Qf3+
34. Qxf3 exf3+ 35. Kd1 f2 36. Rf1 Bf3+ 37. Kd2 Bd4 0-1

[Event "C.to Provinciale Torino"]
[Site "Torino ITA"]
[Date "2015.03.05"]
[Round "6"]
[White "De Renzi, Giuseppe"]
[Black "Teofilatto, Stefano"]
[WhiteElo "1571"]
[BlackElo "1669"]
[Result "0-1"]
[PlyCount "78"]
[EventDate "2015.01.29"]

1. Nf3 d6 2. d4 g6 3. c4 Bg7 4. Nc3 Nf6 5. e4 O-O 6. Qc2 Nc6 7. Be2 Bg4 8. Be3
Bd7 9. O-O Ng4 10. Rac1 Nxe3 11. fxe3 e5 12. d5 Ne7 13. b4 f5 14. Bd3 fxe4 15.
Nxe4 Nf5 16. Rce1 Bh6 17. Qf2 a5 18. b5 c6 19. g4 cxd5 20. cxd5 Ne7 21. g5 Bg7
22. Nxd6 Bh3 23. Nxb7 Qb6 24. Be4 Qxb7 25. Qg3 Bxf1 26. Rxf1 Nf5 27. Qe1 Qxb5
28. h4 Qc4 29. Nd2 Qxa2 30. h5 Ng3 31. Rxf8+ Rxf8 32. hxg6 Nxe4 33. gxh7+ Kh8
34. Nxe4 Qxd5 35. Qh4 Qd1+ 36. Kh2 Qe2+ 37. Kh3 Rf3+ 38. Ng3 Qxe3 39. g6 Rxg3+
0-1

[Event "C.to Provinciale Torino"]
[Site "Torino ITA"]
[Date "2015.03.05"]
[Round "6"]
[White "Di Chiara, Mauro"]
[Black "Gussone, Claudio"]
[WhiteElo "1976"]
[BlackElo "1753"]
[Result "0-1"]
[PlyCount "84"]
[EventDate "2015.01.29"]

1. e4 d6 2. c4 e5 3. Nf3 f5 4. Nc3 Nf6 5. exf5 Bxf5 6. d4 exd4 7. Nxd4 Bd7 8.
Be2 Na6 9. O-O Be7 10. Bf3 c6 11. Re1 O-O 12. Qe2 Rf7 13. Bf4 Nc7 14. Rad1 Qf8
15. Bg3 Re8 16. Qc2 Bd8 17. Rxe8 Nfxe8 18. b4 Ne6 19. Nxe6 Bxe6 20. Qe2 Qe7 21.
Ne4 Bc7 22. c5 dxc5 23. Nxc5 Bc8 24. Bxc7 Nxc7 25. Qd3 Rf8 26. Be4 h6 27. Bh7+
Kh8 28. Be4 Qf6 29. f3 Nb5 30. Nd7 Bxd7 31. Qxd7 Nc3 32. Rd6 Qf4 33. g3 Qe3+
34. Kg2 Nxe4 35. fxe4 Qxe4+ 36. Kh3 Rf5 37. Qd8+ Kh7 38. Qh4 Qf3 39. Rxh6+ gxh6
40. Qe7+ Rf7 41. Qe8 Qh5+ 42. Kg2 Rf2+ 0-1

[Event "C.to Provinciale Torino"]
[Site "Torino ITA"]
[Date "2015.03.05"]
[Round "6"]
[White "Liviabella, Lucio"]
[Black "Peruffo, Giovanni"]
[WhiteElo "1609"]
[BlackElo "1520"]
[Result "0-1"]
[PlyCount "56"]
[EventDate "2015.01.29"]

1. e4 e5 2. Bc4 Nf6 3. Qe2 Bc5 4. Bxf7+ Kxf7 5. Qc4+ d5 6. Qxc5 Nxe4 7. Qe3 Re8
8. Nf3 Nc6 9. c3 Nf6 10. O-O e4 11. Nd4 Ne5 12. b3 Kg8 13. Ba3 b6 14. Ne2 Nfg4
15. Qg3 c5 16. h3 Nh6 17. Nf4 Nf5 18. Qh2 Nh4 19. Bb2 Nhf3+ 20. gxf3 Nxf3+ 21.
Kh1 Nxh2 22. Kxh2 Qd6 23. Kh1 Qxf4 24. Na3 Bxh3 25. Rg1 Re6 26. Rg3 Rh6 27. Kg1
Rf8 28. Rxh3 Qxf2+ 0-1

[Event "C.to Provinciale Torino"]
[Site "Torino ITA"]
[Date "2015.03.05"]
[Round "6"]
[White "Longo, Enrico"]
[Black "Baruffa, Marino"]
[WhiteElo "1777"]
[BlackElo "1889"]
[Result "0-1"]
[PlyCount "73"]
[EventDate "2015.01.29"]

1. b3 Nf6 2. Bb2 Nc6 3. d4 e6 4. Nd2 d5 5. e3 Bd6 6. Ngf3 a6 7. c4 dxc4 8. bxc4
O-O 9. Be2 b6 10. O-O Bb7 11. Rb1 Rb8 12. Re1 Bb4 13. a3 Ba5 14. Rf1 Bxd2 15.
Qxd2 Ne4 16. Qc2 Ne7 17. Rfd1 Ng6 18. c5 Bd5 19. Bxa6 Ng5 20. Nxg5 Qxg5 21. e4
Ba8 22. Bc1 Qg4 23. f3 Qh4 24. cxb6 cxb6 25. Qf2 Qe7 26. a4 Bc6 27. Bb5 Rfc8
28. Be3 Ba8 29. Rbc1 Rd8 30. Rc2 Qd6 31. Rdc1 h6 32. e5 Qd5 33. Bc6 Bxc6 34.
Rxc6 Ne7 35. Rc7 Nf5 36. R1c2 Qb3 37. Bc1 0-1

[Event "C.to Provinciale Torino"]
[Site "Torino ITA"]
[Date "2015.03.05"]
[Round "6"]
[White "Manni, Stefano"]
[Black "Leoni, Alessandro"]
[WhiteElo "2043"]
[BlackElo "1908"]
[Result "0-1"]
[PlyCount "64"]
[EventDate "2015.01.29"]

1. e4 c5 2. c3 Nf6 3. e5 Nd5 4. d4 e6 5. Nf3 cxd4 6. cxd4 Nc6 7. Nc3 d6 8. exd6
Bxd6 9. Bc4 O-O 10. O-O Nf6 11. Re1 a6 12. Ne5 Qc7 13. Nxc6 Bxh2+ 14. Kh1 Qxc6
15. Bb3 Bc7 16. Bg5 Qd6 17. g3 b5 18. Qf3 Rb8 19. Bxf6 gxf6 20. Ne4 Bb7 21. d5
Qe7 22. Nxf6+ Kh8 23. Rac1 Bd8 24. Nh5 Qg5 25. Qc3+ f6 26. Nf4 Rc8 27. Qb4 Qh6+
28. Kg2 Rxc1 29. Rxc1 Rg8 30. Rh1 Qg5 31. Rh5 Qg4 32. f3 Qxg3+ 0-1

[Event "C.to Provinciale Torino"]
[Site "Torino ITA"]
[Date "2015.03.05"]
[Round "6"]
[White "Parisi, Gianmario"]
[Black "Fassio, Francesco"]
[WhiteElo "1843"]
[BlackElo "1690"]
[Result "1-0"]
[PlyCount "47"]
[EventDate "2015.01.29"]

1. e4 e5 2. Nf3 Nf6 3. d4 Nxe4 4. Bd3 d5 5. Nxe5 Nd7 6. Nxd7 Bxd7 7. O-O Be7 8.
c4 c6 9. Nc3 Nxc3 10. bxc3 Be6 11. cxd5 Qxd5 12. Be3 Rd8 13. Qc2 f5 14. Rfe1
O-O 15. Bf4 Qd7 16. Qe2 Kf7 17. Qh5+ Kg8 18. Re3 Bd6 19. Be5 Bxe5 20. Rxe5 Rf6
21. Qe2 Qd6 22. Re1 Bc8 23. Bc4+ Kf8 24. Re8+ 1-0

[Event "C.to Provinciale Torino"]
[Site "Torino ITA"]
[Date "2015.03.05"]
[Round "6"]
[White "Ragni, Paolo"]
[Black "Plenzick, Angelo"]
[WhiteElo "2134"]
[BlackElo "1725"]
[Result "1-0"]
[PlyCount "55"]
[EventDate "2015.01.29"]

1. d4 c6 2. c4 d5 3. Nc3 e5 4. cxd5 exd4 5. Qxd4 Nf6 6. e4 cxd5 7. exd5 a6 8.
Nf3 Nbd7 9. Bg5 Bc5 10. Qd2 Qb6 11. Bd3 O-O 12. O-O Bb4 13. Rad1 h6 14. Be3 Qa5
15. Bb1 Rd8 16. Qc2 Nb6 17. Bd4 Nbd7 18. a3 Bxc3 19. Bxc3 Qc5 20. Rfe1 Qd6 21.
Bb4 Qb8 22. Be7 Re8 23. d6 b5 24. Ne5 g6 25. Nxg6 Bb7 26. Ne5 Rc8 27. Qd3 Nc5
28. Qg3+ 1-0

[Event "C.to Provinciale Torino"]
[Site "Torino ITA"]
[Date "2015.03.12"]
[Round "7"]
[White "Baruffa, Marino"]
[Black "D'india, Bruno"]
[WhiteElo "1889"]
[BlackElo "1652"]
[Result "1-0"]
[PlyCount "129"]
[EventDate "2015.01.29"]

1. e4 e5 2. Nf3 Nc6 3. Bb5 d6 4. d4 exd4 5. Bxc6+ bxc6 6. Qxd4 c5 7. Qc3 Be7 8.
Qxg7 Bf6 9. Qg3 Ba6 10. Bg5 Rb8 11. b3 c4 12. Bxf6 Qxf6 13. e5 Qh6 14. Nc3 Ne7
15. exd6 cxd6 16. Qg5 Qe6+ 17. Qe3 Rc8 18. Qxe6 fxe6 19. Ne4 Rd8 20. Nfg5 Bc8
21. O-O-O d5 22. Nf6+ Kf8 23. Rhe1 cxb3 24. axb3 Rd6 25. Re3 h6 26. Nge4 Rc6
27. Ng3 e5 28. Nxd5 Ng6 29. Nb4 Rc5 30. Rd8+ Kg7 31. Nh5+ Kf7 32. Rd6 Be6 33.
f4 Ke7 34. Ra6 Rb8 35. Rxa7+ Kf8 36. Na6 Ra5 37. Nxb8 Rxa7 38. Nc6 Rc7 39. Nxe5
Bf5 40. Nxg6+ Bxg6 41. Nf6 Rxc2+ 42. Kd1 Rxg2 43. Nd7+ Kg8 44. h3 Bf5 45. Nf6+
Kf7 46. Nd5 Rh2 47. b4 Bxh3 48. Rc3 Be6 49. Rd3 Rb2 50. Kc1 Rf2 51. b5 Bxd5 52.
Rxd5 Rxf4 53. Kc2 Rb4 54. Kc3 Rb1 55. Kc4 Rc1+ 56. Kb4 Rb1+ 57. Kc5 Ke7 58. Rh5
Rc1+ 59. Kb6 Kd7 60. Rxh6 Kc8 61. Rc6+ Rxc6+ 62. Kxc6 Kb8 63. Kb6 Ka8 64. Kc7
Ka7 65. b6+ 1-0

[Event "C.to Provinciale Torino"]
[Site "Torino ITA"]
[Date "2015.03.12"]
[Round "7"]
[White "Di Chiara, Mauro"]
[Black "Manni, Stefano"]
[WhiteElo "1976"]
[BlackElo "2043"]
[Result "0-1"]
[PlyCount "92"]
[EventDate "2015.01.29"]

1. Nf3 c5 2. e4 g6 3. d4 cxd4 4. Nxd4 Nf6 5. Nc3 Nc6 6. g3 Bg7 7. Be3 Ng4 8.
Qxg4 Nxd4 9. Qd1 Ne6 10. Bg2 O-O 11. Qd2 d6 12. O-O Bd7 13. f4 Bc6 14. Rad1 b6
15. Qf2 Qc7 16. f5 Nc5 17. Bd4 Nd7 18. Bxg7 Kxg7 19. Qd4+ f6 20. Ne2 g5 21. Qc3
Ne5 22. Nd4 Qb7 23. Ne6+ Kh8 24. Nxf8 Rxf8 25. Qd4 Bb5 26. Rfe1 Rc8 27. c3 Rc4
28. Qe3 Ra4 29. a3 Ng4 30. Qf3 Ne5 31. Qe3 Ng4 32. Qc1 Qc8 33. b4 Ne5 34. Re3
Nc4 35. Bf1 Nxe3 36. Bxb5 Nxd1 37. Qxd1 Rxa3 38. Qd5 Rxc3 39. Qf7 Rc1+ 40. Kf2
Rc2+ 41. Kg1 Rc7 42. Be8 Rc1+ 43. Kg2 Qc2+ 44. Kf3 Qd1+ 45. Ke3 Rc3+ 46. Kf2
Rf3+ 0-1